Catequesis audiovisual

Guardat en:
Dades bibliogràfiques
Autor principal: García Ahumada, Enrique (Autor)
Format: Llibre
Idioma:espanyol
Publicat: Santiago ONAC 1978
Matèries:
Etiquetes: Afegir etiqueta
Sense etiquetes, Sigues el primer a etiquetar aquest registre!

MARC

LEADER 00000nam a2200000 a 4500
001 UCZ7582
003 CL-VaPUC
008 960105e19780000CL |||||||||||||||||spa|d
082 0 4 |a 268.635  |b GAR  |2 21 
100 |a García Ahumada, Enrique  |e author  |9 600813 
245 1 0 |a Catequesis audiovisual 
300 |a 151 p 
942 |c BK 
945 |d 19960105 00:00:00  |a lriquelm 
260 |a Santiago  |b ONAC  |c 1978 
650 0 |a Catolicismo  |9 258690 
650 0 |a Educación religiosa   |9 308312 
650 0 |a Educación moral  |9 308319 
650 0 |a Religión   |9 255164 
650 0 |a Métodos de enseñanza  |9 270413 
650 7 |a MATERIAL AUDIOVISUAL  |2 CL-VaPUC  |9 308466 
583 |a last modification  |c 19960105 00:00:00  |k Rodrigo Vera 
999 |c 243635  |d 243633